| 000 | 00674nam a2200193 a 4500 | ||
|---|---|---|---|
| 001 | BRCA_1818 | ||
| 005 | 20190320203550.0 | ||
| 008 | 200508s1845----mx-#---###---#000-0#spa-# | ||
| 050 | 4 |
_aBX3853.M6 _b.E83 1845 |
|
| 245 | 1 | 0 |
_aExcelencias del instituto de la congregación del oratorio de San Felipe Neri _ctraducida del italiano por Luis Abadiano y Valdés. |
| 260 |
_aMéxico _bLuis Abadiano y Valdés _c1845 |
||
| 300 |
_a512 p. _c21 cm. |
||
| 500 | _aColección Sonia Corcuera de Mancera | ||
| 600 | 1 | 4 |
_aSan Felipe Neri _d1515-1595 _95659 |
| 610 | 2 | 4 |
_aCongregación del Oratorio _zRoma _95660 |
| 700 | 1 |
_aAbadiano y Valdés, Luis _95661 |
|
| 902 | _aDSC | ||
| 942 |
_2lcc _cB |
||
| 999 |
_c1599 _d1599 |
||